000 00957cam a22002777a 4500
005 20220329141227.0
008 971010s1986 r 00010 d
010 _a64745
011 _a65717
035 _a72999
090 _aTesis
100 0 0 _aVillar Romero, Carlos Simón.
_9119541
245 1 4 _aUna contribución al conocimiento de los incendios forestales en el estado de Baja California
260 _aChapingo, Méx. :
_bEl autor,
_c1986
300 _a117 h.
500 _a1992-63
502 _aTesis (Ing. Agr. Esp. en Bosques) -- UACH. Depto. de Bosques
590 _aALEPH
_b10
_c20130110
_lUCH01
_h1353
590 _aBATCH-UPD
_b10
_c20130110
_lUCH01
_h2211
590 _aBATCH-UPD
_b10
_c20130410
_lUCH01
_h1514
590 _aBATCH-UPD
_b10
_c20130914
_lUCH01
_h0717
590 _aCONVERSION
_b10
_c20130109
_lUCH01
_h1335
650 1 4 _aBosques
_xIncendios
_xBaja California.
_914213
901 _aBK
949 _bCR
_cTESBD
_d-5753
_eTS1
_h44
_i72999
_si
999 _c64745
_d64745